| 000 | 00585nam a22001937a 4500 | ||
|---|---|---|---|
| 003 | OSt | ||
| 005 | 20260127044727.0 | ||
| 008 | 260127b |||||||| |||| 00| 0 eng d | ||
| 040 |
_aDWC-Main lib. _cOC |
||
| 082 | _aSC. 890.4 B219d 2003 | ||
| 100 | _aBanzuela, Raffi | ||
| 245 |
_aDurungan : _bmga rawit-dawit/ _cRaffi Banzuela |
||
| 260 |
_aDaraga, Albay : _bFast Graphics Enterprise, _cc2003. |
||
| 300 |
_a145 p. ; _c22 cm. |
||
| 504 | _aIncludes bibliography. | ||
| 650 | _a1. Philippine literature (Bikol). | ||
| 700 | _aBelgica, Juan Rafael Jr. | ||
| 942 |
_2ddc _cSC _hSC. _n0 |
||
| 999 |
_c7858 _d7858 |
||